|
|
|
|
| LEADER |
01501nam a22003017a 4500 |
| 001 |
33605 |
| 003 |
BD-DhAAL |
| 005 |
20250623155252.0 |
| 008 |
180730t2018 bg a|||| b||| 001 0 eng d |
| 020 |
|
|
|a 9789845062602
|
| 040 |
|
|
|a BD-DhAAL
|c BD-DhAAL
|
| 082 |
|
|
|a 307.72095492
|2 22
|
| 100 |
|
|
|a Hossain, Mahabub.
|9 27611
|
| 245 |
|
|
|a Rural Transformation :
|b insights from Bangladesh /
|c Mahabub Hossain and Abdul Bayes.
|
| 260 |
|
|
|a Dhaka :
|b University Press Limited,
|c 2018.
|
| 300 |
|
|
|a xxvi, 570 pages :
|b illustrations ;
|c 22 cm.
|
| 504 |
|
|
|a Includes bibliographical references and index.
|
| 526 |
|
|
|a AAL, GenEd
|
| 541 |
|
|
|a Complimentary Copy, Donated By Akbar Ali Khan, Book Finder International
|e 33605, 38126, 39449
|
| 650 |
|
|
|a Rural condition
|x Bangladesh.
|9 27612
|
| 650 |
|
|
|a Social sciences.
|9 51057
|
| 700 |
|
|
|a Bayes, Abdul.
|9 27614
|
| 852 |
|
|
|a Ayesha Abed Library
|c General Stacks
|
| 942 |
|
|
|2 ddc
|c BK
|
| 999 |
|
|
|c 39992
|d 39992
|
| 952 |
|
|
|0 0
|1 0
|2 ddc
|4 0
|6 307_720954920000000_HOS
|7 0
|9 64143
|a BRACUL
|b BRACUL
|c GEN
|d 2018-07-30
|l 2
|m 2
|o 307.72095492 HOS
|p 3010033605
|r 2025-09-14
|s 2025-08-24
|t 1
|w 2018-07-30
|y BK
|
| 952 |
|
|
|0 0
|1 0
|2 ddc
|4 0
|6 307_720954920000000_HOS
|7 1
|9 70263
|a BRACUL
|b BRACUL
|c AAKC
|d 2022-03-24
|e Donated by Akbar Ali Khan
|l 0
|o 307.72095492 HOS
|p 3010038216
|r 2022-03-24
|t 2
|w 2022-03-24
|y BK
|
| 952 |
|
|
|0 0
|1 0
|2 ddc
|4 0
|6 307_720954920000000_HOS
|7 0
|9 71499
|a SCL
|b SCL
|c GEN
|d 2022-08-03
|e Book Finder International
|g 1005.55
|l 0
|o 307.72095492 HOS
|p 3020039449
|r 2022-08-03
|t 2
|v 0.00
|w 2022-08-03
|y BK
|